000 00700nam a2200217Ii 4500
003 JO-AjNU
008 230605s9999||||xx |||||||||||||| ||und||
017 _a2013/2/470
020 _a978-9957-414-95-5
040 _aJO-AjNU
_bara
_erda
_cJO-AjNU
041 _aara
050 1 4 _aS471.J6.N32 2013
100 3 _aالبطيخي ، انور,
_eauthor
_947564
245 0 0 _aمستقبل الزراعة في الاردن
264 3 1 _aعمان:دار البركة للنشر ، 2013
300 _a240ص
336 _atext
_btxt
_2rdacontent
337 _aunmediated
_bn
_2rdamedia
338 _avolume
_bnc
_2rdacarrier
650 4 _aالانتاج الزراعي - الزراعة الاردن
_947565
999 _aA20772
_c24340
_d24340